| 000 | 00364cam a2200145ua 4500 | ||
|---|---|---|---|
| 041 |
_aeng _h |
||
| 082 |
_a425 _bWAR/US |
||
| 100 | _aWard, John Millington . | ||
| 245 |
_aUse of tenses in English / _cJohn Millington Ward. _hTextual Documents |
||
| 260 |
_aLondon : _bLongman , _c1966. |
||
| 300 | _a158 ; . | ||
| 504 | _a | ||
| 942 | _cBK | ||
| 999 |
_c12443 _d12443 |
||